00303nam a2200121Ia 4500008004100000100002700041245003900068260003200107300000800139650001000147942000700157999001700164190216s9999||||xx |||||||||||||| ||und|| aDr.Narendra Sinh Mahla 0aHindi-Bharatiya Darshan Shabd Kosh bJain Prakashan Mandirc2004 a295 aHindi cBK c16431d16431